La recolección mecánica del café mediante vibraciones

محفوظ في:
التفاصيل البيبلوغرافية
المؤلف الرئيسي: Trejos Dent, Roberto,1948-
التنسيق: كتاب
اللغة:Undetermined
منشور في: [San José , Costa Rica] 1970
الوسوم: إضافة وسم
لا توجد وسوم, كن أول من يضع وسما على هذه التسجيلة!

MARC

LEADER 00000nam a2200000Ia 4500
003 PIE126
005 20231114100855.0
008 140116s9999 xx 000 0 und d
040 |c cru CEDI  
090 |a PIE-126 
100 |a Trejos Dent, Roberto,1948-  |9 1710 
245 |a La recolección mecánica del café mediante vibraciones 
260 |a [San José , Costa Rica]  |c 1970 
300 |a 32 hojas ilustraciones 
500 |a A la Cabeza de la portada. Universidad de Costa Rica. Escuela de Ingeniería Eléctrica. Laboratorio eléctrico B 
942 |c PIE 
999 |c 13480  |d 13480